La Juventud latinoamericana en los procesos de globalización: opción por los jóvenes /
Parte de la tesis de que el "sistema" es el que determina qué es lo que se entiende por "juventud" o ser "joven". La sociología recoge la distinción que el "sistema" proporciona y desde allí suscribe la definición. El autor denomina como sistema al dominio de...
Shranjeno v:
| Glavni avtor: | |
|---|---|
| Drugi avtorji: | |
| Format: | Neznan |
| Izdano: |
Buenos Aires:
Instituto Cultural Alemán-Latinoamericano ICALA. FLACSO. Sede Académica de Argentina. EUDEBA. Universidad de Buenos Aires
|
| Teme: | |
| Oznake: |
Označite
Brez oznak, prvi označite!
|
MARC
| LEADER | 00000 a2200000 04500 | ||
|---|---|---|---|
| 001 | 19368 | ||
| 003 | |||
| 008 | 991231s d | ||
| 040 | |||
| 090 | |a 1002 H934j | ||
| 100 | |a Hünermann, Peter | ||
| 245 | |a La Juventud latinoamericana en los procesos de globalización: opción por los jóvenes / |c Peter Hünermann | ||
| 260 | |a Buenos Aires: |b Instituto Cultural Alemán-Latinoamericano ICALA. FLACSO. Sede Académica de Argentina. EUDEBA. Universidad de Buenos Aires | ||
| 300 | |a 384 p. | ||
| 520 | |a Parte de la tesis de que el "sistema" es el que determina qué es lo que se entiende por "juventud" o ser "joven". La sociología recoge la distinción que el "sistema" proporciona y desde allí suscribe la definición. El autor denomina como sistema al dominio de distinciones en que habitualmente nos encontramos. Propone el paso de un paradigma epistemológico a un paradignma ontológico que hace referencia a la comprensión de una región determinada de objetos y a la comprensión que como seres humanos tenemos de los diferentes modos de ser. REV/LCL | ||
| 650 | |a JUVENTUD | ||
| 650 | |a DESARROLLO HUMANO | ||
| 650 | |a ASPECTOS PSICOLOGICOS | ||
| 650 | |a GLOBALIZACION | ||
| 700 | |a | ||
| 700 | |a Eckholt, Margit | ||
| 700 | |a | ||
| 999 | |c 17426 |d 17426 | ||
